The importance of the neighbourhood (Record no. 105848)

MARC details
000 -LEADER
fixed length control field 00835cam a2200217 4500
001 - CONTROL NUMBER
control field ##L134927
008 - FIXED-LENGTH DATA ELEMENTS--GENERAL INFORMATION
fixed length control field 060911n2006 000 0 eng u
035 ## - SYSTEM CONTROL NUMBER
System control number (Sirsi) u134927
041 0# - LANGUAGE CODE
Language code of text/sound track or separate title eng
050 04 - LIBRARY OF CONGRESS CALL NUMBER
Classification number 306.1 $2 18
100 ## - MAIN ENTRY--PERSONAL NAME
Personal name Taylor, Marilyn
245 04 - TITLE STATEMENT
Title The importance of the neighbourhood
Remainder of title tackling the implementation gap
260 ## - PUBLICATION, DISTRIBUTION, ETC.
Place of publication, distribution, etc. York
Name of publisher, distributor, etc. Joseph Rowntree Foundation
Date of publication, distribution, etc. 2006
300 ## - PHYSICAL DESCRIPTION
Extent 19p.
Dimensions 30cm.
520 ## - SUMMARY, ETC.
Summary, etc. Examines research in the field of neighbourhoods, and suggests ways in which government can advance the neighbourhood agenda and make it more effective. Discusses issues such as diversity, employment and funding.
590 ## - LOCAL NOTE (RLIN)
Local note IKA190906
651 #4 - SUBJECT ADDED ENTRY--GEOGRAPHIC NAME
Geographic name England
Chronological subdivision 886-
690 ## - LOCAL SUBJECT ADDED ENTRY--TOPICAL TERM (OCLC, RLIN)
Topical term or geographic name as entry element ENVIRONMENTAL AND LAND CONSULTANCY-SUSTAINABILITY-SUSTAINABLE DEVELOPMENT
700 1# - ADDED ENTRY--PERSONAL NAME
Personal name Wilson, Mandy
942 ## - ADDED ENTRY ELEMENTS (KOHA)
Suppress in OPAC 0
Holdings
Withdrawn status Lost status Source of classification or shelving scheme Damaged status Not for loan Home library Current library Shelving location Date acquired Total Checkouts Full call number Barcode Date last seen Copy number Price effective from Koha item type
    Dewey Decimal Classification     London London Folio 14/09/2006   F306.1 TAY 30073254 06/08/2019 1 06/08/2019 Book